Datum a čas kvízu
24.5
Celkem bodů
Celkový počet nahraných bodů na tomto kvízu bez doplňovacích otázek.
7.
Pořadí na kvízu
Konečné umístění týmu na tomto kvízu.
Zaznamenané odpovědi
| # | Otázka | Odpověď | Body | Výsledky |
|---|---|---|---|---|
| 1. | Jak se jmenuje náměstek pražsk... | Zdeněk Hřib | 1 | |
| 2. | Minulý týden jsme se dozvěděli... | A) ve lžíci bagru | 1 | |
| 3. | Minulý týden jsme se dozvěděli... | Kanye West, Bianca Censori | 0 | |
| 4. | Minulý týden byl představen no... | Bigster | 0 | |
| 5. | Na začátku minulého týdne popr... | Los Angeles Lakers | 0 | |
| 6. | Hned na začátku tohoto tématu... | pekanové (0,5 b.), makadamové (1 b.) | 1 | |
| 7. | V úryvku textu populární české... | Skořápky ořechů, Marie Rottrová | 1 | |
| 8. | Jak se jedním kratším slovem n... | gola | 1 | |
| 9. | Arašídové (též burákové) máslo... | křupavé (crunchy) | 0 | |
| 10. | Který z těchto výroků o pohádc... | D | 1 |